• 首页
  • 本馆介绍
  • 公告通知
  • 最新文献
  • 馆藏检索
  • 电子资源
  • 读者导购
  • 参考咨询
  • 我的图书馆
  • 登录
  • 详细信息显示
  • 放入我的书架
  • 预约/预借图书
  • 作者相关作品
  • 分类相关作品
  • 丛书相关作品
  • 出版社相关作品

书目信息

  • 表格格式
  • 工作单格式
  • 卡片格式
题名:
油气管道腐蚀与防护
    
 
作者: 寇杰 , 梁法春 , 陈婧 主编
分册:  
出版信息: 北京   中国石化出版社  2016.03
页数: 463页
开本: 26cm
丛书名:
单 册:
中图分类: TE988.2
科图分类:
主题词: 石油管道--管道腐蚀--基本知识 , 石油管道--防腐--基本知识 , 天然气管道--管道腐蚀--基本知识 , 天然气管道--防腐--基本知识
电子资源:
ISBN: 978-7-5114-3838-6
000 01218nam0 2200313 450
001 0120161816651
005 20170327102411.12
010    @a978-7-5114-3838-6@dCNY88.00
100    @a20160503d2016 em y0chiy50 ea
101 0  @achi
102    @aCN@b110000
105    @aak z 000yy
106    @ar
200 1  @a油气管道腐蚀与防护@9you qi guan dao fu shi yu fang hu@f寇杰,梁法春,陈婧主编
205    @a2版
210    @a北京@c中国石化出版社@d2016.03
215    @a463页@c图@d26cm
330    @a本书较全面系统地阐述了油气管道腐蚀的基本理论及腐蚀防护的基本原理和应用技术。详细介绍了金属材料的腐蚀原理、腐蚀形态、影响因素以及油气管道腐蚀控制方法等;另外,对近年来在油气管道腐蚀检测、腐蚀状态评价以及腐蚀管线抢修上取得的进展进行了总结和回顾。
333    @a本书可作为石油院校油气储运工程专业课程教材,也可供相关工程技术人员参考
606 0  @a石油管道@x管道腐蚀@x基本知识
606 0  @a石油管道@x防腐@x基本知识
606 0  @a天然气管道@x管道腐蚀@x基本知识
606 0  @a天然气管道@x防腐@x基本知识
690    @aTE988.2@v5
701  0 @a寇杰@9kou jie@4主编
701  0 @a梁法春@9liang fa chun@4主编
701  0 @a陈婧@9chen jing@4主编
801  0 @aCN@b人天书店@c20160503
905    @b982342-44@dTE988.2@e50=2@f3
    
    油气管道腐蚀与防护/寇杰,梁法春,陈婧主编.-2版.-北京:中国石化出版社,2016.03
    463页:图;26cm
    使用对象:本书可作为石油院校油气储运工程专业课程教材,也可供相关工程技术人员参考
    
    ISBN 978-7-5114-3838-6:CNY88.00
    本书较全面系统地阐述了油气管道腐蚀的基本理论及腐蚀防护的基本原理和应用技术。详细介绍了金属材料的腐蚀原理、腐蚀形态、影响因素以及油气管道腐蚀控制方法等;另外,对近年来在油气管道腐蚀检测、腐蚀状态评价以及腐蚀管线抢修上取得的进展进行了总结和回顾。
●
相关链接 在E读中查询图书 在五车中查询图书 在当当中查询图书 在豆瓣中查询图书


正题名:油气管道腐蚀与防护     索取号:TE988.2/50=2         预约/预借

序号 登录号 条形码 馆藏地/架位号 状态 备注
1 982342   209823422   第二样本阅览室/ [索取号:TE988.2/50=2] 在馆    
2 982343   209823431   第三借阅区/ [索取号:TE988.2/50=2] 在馆    
3 982344   209823440   第三借阅区/ [索取号:TE988.2/50=2] 在馆    
唐山师范学院图书馆 欢迎您!
大连网信软件有限公司© 版权所有